000 00708nam 22001933 4500
001 201682
021 _aPT
_b2661/84
090 _a201682
100 _a20260408d u||y0pory50 ba
200 _aTratado do sublime de Dionísio Longino
_fCustódio José de Oliveira
_gintrodução e actualização do texto por Maria Leonor Carvalhão Buescu
210 _a[Lisboa]
_cImprensa Nacional-Casa da Moeda
_dimp. 1984
215 _a146, [14] p.
_cbrochado
_d24 cm
225 _aBiblioteca de autores portugueses
606 _93661
_aCrítica Literária.Estudos Literários
675 _a82.09
_vPT
_zpor
700 _917064
_aOliveira
_bCustódio José de
_f1740-1812
801 _aPT
_bBMMN
_gRPC
830 _cVanda
990 _cLIVROS